| 000 | 01150nam a2200301 i 4500 | ||
|---|---|---|---|
| 001 | bg | ||
| 100 | 1 | _aKŁACZYŃSKA, Katarzyna | |
| 245 | 1 | 0 |
_aŚwiadczenie przez prawników zagranicznych pomocy prawnej w Polsce : _bkomentarz / _cKatarzyna Kłaczyńska, Michał Kłaczyński. |
| 250 | _aStan prawny na 1 listopada 2003 roku. | ||
| 260 |
_aWarszawa : _bWydaw. Prawnicze "LexisNexis", _c2004. |
||
| 300 |
_a337, [3] s. ; _c21 cm. |
||
| 500 | _aTekst równol. pol., ang. | ||
| 504 | _aBibliogr. s. 331-335. Indeks. | ||
| 650 | 9 |
_aPrawnicy _xpraca _xprawo _zPolska _ystan na 2004 r. |
|
| 650 | 9 |
_aPrawnicy _xpraca _xprawo wspólnotowe europejskie _ystan na 2004 r. |
|
| 650 | 9 |
_aZatrudnienie cudzoziemców _xprawo _zPolska _ystan na 2004 r. |
|
| 700 | 1 | _aKŁACZYŃSKI, Michał | |
| 020 | _a8373342710 | ||
| 020 | _a8373342710 | ||
| 040 | _cBPK | ||
| 041 | 0 | _apoleng | |
| 080 | _a347.96:349.2:331.5](438) | ||
| 920 | _a83-7334-271-0 | ||
| 920 | _a83-7334-271-0 | ||
| 942 | _cKS | ||
| 008 | s pl f |000 0 pol | ||
| 999 |
_c44145 _d44145 |
||
| 856 |
_uhttp://koha.tu.koszalin.pl/cgi-bin/koha/opac-detail.pl?biblionumber=44145 _yKatalog online BPK |
||